000 nam a22 7a 4500
999 _c8280
_d8280
008 171213b xxu||||| |||| 00| 0 eng d
100 _aNCERT
_94701
245 _aEnglish Language and Literature
260 _aNew Delhi
_bArya
_c2008